01573naa a2200241 i 45000010005000000030009000050050017000140080039000310400021000700800017000911000124001082450136002325000021003685200393003896500031007826500015008136500014008287000132008427730292009749420013012669990015012799520037012943589KOSZ 00520180220094942.0150204s2008 pl n f |000 0pol cBPKdKOSZ 005/EG a621.791/.7951 aBORKOWSKI, Józef.d1996 - .bPolitechnika Koszalińska - Centrum Niekonwencjonalnych Technologii Hydrostrumieniowych10aPrzecinanie kompozytów ceramicznych wysokociśnieniową strugą wodno-ścierną /cJózef Borkowski, Przemysław Borkowski. aDane z autopsji. aNa podstawie szczegółowych analiz wyników wyjaśniono istotne aspekty mechanizmów decydujących o efektywności obróbki badanych kompozytów ceramicznych. Mechanizm obróbki takich porowatych kompozytów polega na złożonym sposobie erozyjnego wypłukiwania przez strugę wodno-ścierną twardszej fazy kompozytu ceramicznego ze stosunkowo bardziej miękkiego spoiwa. 0aObróbka wodno-ścierna. 0aKompozyty. 0aCeramika.1 aBORKOWSKI, Przemysław.d1996 - 2013.bPolitechnika Koszalińska - Centrum Niekonwencjonalnych Technologii Hydrostrumieniowych0 iW :tWysokociśnieniowe technologie hydrostrumieniowe / pod red. Józefa A. Borkowskiego, Przemysława J. Borkowskiego. -dKoszalin : Wydaw. Uczelniane Politechniki Koszalińskiej, 2008. -gs. 247-258kMonografia / Instytut Niekonwencjonalnych Technologii Hydrostrumieniowych ; nr 154 cROZ2UKD c3589d3589 00104070aBPKbBPKo90729yROZ